000 00353nam a2200133Ia 4500
008 220204s9999 xx 000 0 und d
082 _a34:331:631.96
_bGAN;2
100 _aGANGADHARAN
245 0 _aGangadharan on law of plantations labour in Kerala
250 _aEd.2
260 _aCochin
_bKVKM
_c1979
650 _aPlantation labour act
942 _cBK
999 _c35603
_d35603